Banikanta kakati byaktitwa aru krititwa (Record no. 2796)

MARC details
000 -LEADER
fixed length control field 00577cam a2200205ua 4500
001 - CONTROL NUMBER
control field 2950
005 - DATE AND TIME OF LATEST TRANSACTION
control field 20260515113617.0
008 - FIXED-LENGTH DATA ELEMENTS--GENERAL INFORMATION
fixed length control field 110919n ii |||gr||||Z||||||asm
040 ## - CATALOGING SOURCE
Transcribing agency MAIN
082 ## - DEWEY DECIMAL CLASSIFICATION NUMBER
Classification number 920
100 1# - MAIN ENTRY--PERSONAL NAME
Personal name Misra, Akshay Kr.,
Relator term Editor.
245 11 - TITLE STATEMENT
Title Banikanta kakati byaktitwa aru krititwa
Statement of responsibility, etc. ed. by Akshay Kr. Misra
250 ## - EDITION STATEMENT
Edition statement 1st.
260 ## - PUBLICATION, DISTRIBUTION, ETC.
Place of publication, distribution, etc. Barpeta:
Name of publisher, distributor, etc. Gobardhan Das,994.
300 ## - PHYSICAL DESCRIPTION
Extent 116p:
Dimensions 23cm.
653 ## - INDEX TERM--UNCONTROLLED
Uncontrolled term Biography
653 ## - INDEX TERM--UNCONTROLLED
Uncontrolled term Biography of Banikanta kakati byaktitwa aru krititwa
700 1# - ADDED ENTRY--PERSONAL NAME
Personal name Choudhury, Chittaranjan,
Relator term Editor.,
942 ## - ADDED ENTRY ELEMENTS (KOHA)
Koha item type Books
Holdings
Withdrawn status Lost status Damaged status Not for loan Home library Current library Shelving location Date acquired Total checkouts Full call number Barcode Date last seen Copy number Price effective from Koha item type
        Naharkatiya College Library Naharkatiya College Library General stacks 09/19/2020   920 | BAN 9573 09/19/2020 2 09/19/2020 Books
        Naharkatiya College Library Naharkatiya College Library General stacks 09/19/2020   920 | BAN 9574 09/19/2020 1 09/19/2020 Books